01279cam a2200277 a 4500003000900000008004100009020001500050040002800065043001200093082002400105111007400129245014100203260003900344300005100383500002900434500016700463504005300630650004400683650003800727650003600765700004000801700002700841700003900868710004800907710004600955CO-ViMGA030305s1992 sp af r 001 0 spa d a847232656X aCO-ViMGAbspacCO-ViMGA as-ck---04a581.9861 219bR31d2 aReal Expedición Botánica del Nuevo Reino de Granadad(1783 -1816)10aDicapetaláceas y euforbiáceascpromovida y dirigida por José Celestino Mutis ; José María Cardiel Sanz y Pilar Franco Rosselli aMadridbCultura Hispánicac1992. axv, 123 p., 99 h. de láminas a colorc54 cm. aLibro en formato grande. aPublicada bajo los auspicios de los gobiernos de España y de Colombia y merced a la colaboración de los Instituto de Cultura Hispánica de Madrid y Bogotá. aIncluye referencias bibliográficas e índice.24aBotánicazColombiaySiglos XVII-XVIII24aDicapetaláceasvClasificación24aEuforbiáceasvClasificación1 aCardiel Sanz, José Maríad1963-1 aFranco Rosselli, Pilar1 aMutis, José Celestinod1732-18082 aInstituto Colombiano de Cultura Hispánica2 aInstituto de Cooperación Iberoamericana